Markets (Record no. 83845)

MARC details
000 -LEADER
fixed length control field 01105cab a22002055a 4500
001 - CONTROL NUMBER
control field L155273
008 - FIXED-LENGTH DATA ELEMENTS--GENERAL INFORMATION
fixed length control field 120314e2012 xxk 000 0 eng d
035 ## - SYSTEM CONTROL NUMBER
System control number (Sirsi) u155273
041 0# - LANGUAGE CODE
Language code of text/sound track or separate title eng
100 1# - MAIN ENTRY--PERSONAL NAME
Personal name Hunter, Rachel
245 00 - TITLE STATEMENT
Title Markets
Remainder of title Yorkshire and Humber
260 ## - PUBLICATION, DISTRIBUTION, ETC.
Date of publication, distribution, etc. 2012
490 #0 - SERIES STATEMENT
Series statement Property Week
Volume/sequential designation 78(10) 9 March 2012, 47-54(5)
520 ## - SUMMARY, ETC.
Summary, etc. Central Square, the renamed Lumiere development site in Leeds, will be relaunched as an office-led scheme. Land Securities' Trinity Leeds scheme, the only large shopping centre in Europe due for completion in 2013, is already two-thirds let. Sheffield-based Blenheim Developments has bought the former Yorkshire Chemicals site in Leeds from Gladedale Group for £3m. "Arena Quarter"is taking shape around the new Leeds Arena 13 500 capacity music venue due to open in summer 2013. Yorkshire is pinning its industrial hopes on distribution. It is probably the last region with a choice of large-scale warehouse buildings.
590 ## - LOCAL NOTE (RLIN)
Local note KA
651 #4 - SUBJECT ADDED ENTRY--GEOGRAPHIC NAME
Geographic name Yorkshire
651 #4 - SUBJECT ADDED ENTRY--GEOGRAPHIC NAME
Geographic name Humber
690 ## - LOCAL SUBJECT ADDED ENTRY--TOPICAL TERM (OCLC, RLIN)
Topical term or geographic name as entry element Commercial property
9 (RLIN) 6227
942 ## - ADDED ENTRY ELEMENTS (KOHA)
Suppress in OPAC 0
Holdings
Withdrawn status Lost status Source of classification or shelving scheme Damaged status Not for loan Home library Current library Shelving location Date acquired Total Checkouts Full call number Barcode Date last seen Price effective from Koha item type
    Dewey Decimal Classification     London London Journal article 14/03/2012   L155273 155273-1001 06/08/2019 06/08/2019 Journal